| 000 | 00848nam a22002897a 4500 | ||
|---|---|---|---|
| 003 | CHAP | ||
| 005 | 20220329141533.0 | ||
| 008 | 971013s1979 r 00010 d | ||
| 010 | _a69798 | ||
| 011 | _a70770 | ||
| 035 | _a80323 | ||
| 040 | _cCHAP | ||
| 082 |
_a029.5 _bK55 |
||
| 100 | 0 | 0 |
_aKnight, G. Norman. _963518 |
| 245 | _aIndexing, the art of a guide to the indexing of books and periodicals | ||
| 260 |
_aLondon : _bAllen & Unwin, _c1979 |
||
| 300 | _a218 h. | ||
| 500 | _aD18-78 | ||
| 590 |
_aBATCH-UPD _b10 _c20130110 _lUCH01 _h1106 |
||
| 590 |
_aBATCH-UPD _b10 _c20130410 _lUCH01 _h0658 |
||
| 590 |
_aBATCH-UPD _b10 _c20130914 _lUCH01 _h1632 |
||
| 590 |
_aCONVERSION _b10 _c20130109 _lUCH01 _h1338 |
||
| 650 | 1 | 4 |
_aIndización. _957676 |
| 901 | _aBK | ||
| 942 | _cLIBRO | ||
| 949 |
_a029.5 K55 _bBC _cLIBRO _d-33225 _eLIBRO _h71068 _i80323 _si |
||
| 999 |
_c69798 _d69798 |
||